000 00437nam a2200169 4500
010 _aENG-141997
020 _c100.00
_a9788188893515
035 _aEN-125529
037 _aDBAD
082 _a181.499
_bMOT
245 _aMother's agenda x 1969/
260 _aParise
_bInstitute de recherches evolutives
_c1978
270 _bParise
300 _a554P.
_b24cm
_cill
440 _v10
942 _2ddc
_cEN
_h181.499
_mMOT
999 _c206208
_d206208